[Event "CZE-chT 9900"]
[Site "Czech Republic"]
[Date "1999.12.18"]
[Round "5"]
[White "Gipslis, Aivars P"]
[Black "Michalek, Jan"]
[Result "1/2-1/2"]
[WhiteElo "2463"]
[BlackElo "2330"]
[PlyCount "56"]
[EventDate "1999.10.23"]
[EventType "team-tourn"]
[EventRounds "11"]
[EventCountry "CZE"]
[SourceTitle "EXT 2019"]
[Source "ChessBase"]
[SourceDate "2018.10.10"]
[SourceVersion "1"]
[SourceVersionDate "2018.10.10"]
[SourceQuality "1"]
[WhiteTeam "Praha Holdia"]
[BlackTeam "Plzen"]
[WhiteTeamCountry "CZE"]
[BlackTeamCountry "CZE"]

1. e4 e5 2. Nf3 Nc6 3. Bb5 a6 4. Bxc6 dxc6 5. 0-0 f6 6. d4 exd4 7. Nxd4 c5 8. Nb3 Qxd1 9. Rxd1 Bg4 10. f3 Bd7 11. Bf4 0-0-0 12. Nc3 c4 13. Na5 Bc5+ 14. Kf1 b5 15. Nd5 Ne7 16. Bxc7 Nxd5 17. Rxd5 Kxc7 18. Rxc5+ Kb6 19. b4 cxb3 20. Nxb3 Be6 21. Rc3 Rc8 22. Rxc8 Rxc8 23. Nd4 Bc4+ 24. Ke1 Kc5 25. Nf5 Kb4 26. Kd2 Ka3 27. Kc1 Rc7 28. Ne3 Be6 1/2-1/2

[Event "Crailsheim op"]
[Site "Crailsheim"]
[Date "1999.05.22"]
[Round "3"]
[White "Gipslis, Aivars P"]
[Black "Sprenger, Jan Michael"]
[Result "1/2-1/2"]
[WhiteElo "2470"]
[BlackElo "2179"]
[PlyCount "52"]
[EventDate "1999.05.21"]
[EventType "swiss"]
[EventRounds "7"]
[EventCountry "GER"]
[SourceTitle "EXT 2004"]
[Source "ChessBase"]
[SourceDate "2003.11.25"]
[SourceVersion "1"]
[SourceVersionDate "2003.11.25"]
[SourceQuality "1"]

1. e4 c5 2. Nf3 Nc6 3. Nc3 e6 4. Bb5 Nge7 5. 0-0 a6 6. Bxc6 Nxc6 7. d4 cxd4 8. Nxd4 Qc7 9. Re1 Bd6 10. Nxc6 dxc6 11. Qh5 e5 12. Be3 0-0 13. Na4 Be6 14. Rad1 b5 15. Bc5 Bxc5 16. Nxc5 Rfd8 17. Nxe6 fxe6 18. g3 c5 19. Rxd8+ Rxd8 20. Rd1 Rxd1+ 21. Qxd1 c4 22. c3 g6 23. h4 Kg7 24. h5 g5 25. Qg4 Qe7 26. Kg2 h6 1/2-1/2

[Event "EU-chT Seniors 01st"]
[Site "Dresden"]
[Date "1999.04.15"]
[Round "7.3"]
[White "Hesse, Manfred"]
[Black "Gipslis, Aivars P"]
[Result "1/2-1/2"]
[WhiteElo "1805"]
[BlackElo "2470"]
[PlyCount "49"]
[EventDate "1999.04.09"]
[EventType "team-swiss"]
[EventRounds "7"]
[EventCountry "GER"]
[SourceTitle "EXT 2005"]
[Source "ChessBase"]
[SourceDate "2004.11.15"]
[SourceVersion "1"]
[SourceVersionDate "2004.11.15"]
[SourceQuality "1"]

1. c4 e5 2. Nc3 Nf6 3. g3 Bb4 4. Bg2 0-0 5. e3 c6 6. Nge2 Re8 7. Qa4 a5 8. 0-0 e4 9. Qc2 d5 10. cxd5 cxd5 11. d4 Nc6 12. a3 Bf8 13. Bd2 Bg4 14. f3 exf3 15. Bxf3 Qd7 16. Nf4 Bxf3 17. Rxf3 Ne7 18. Raf1 Ra6 19. Nd3 Ng6 20. Na4 Rc6 21. Qb3 Qc7 22. Nc3 Qd7 23. Rf5 Ne7 24. R5f3 Ng6 25. Rf5 1/2-1/2

[Event "Passau op 7th"]
[Site "Passau"]
[Date "1999.04.03"]
[Round "4"]
[White "Denk, Adolf"]
[Black "Gipslis, Aivars P"]
[Result "0-1"]
[WhiteElo "2261"]
[BlackElo "2470"]
[PlyCount "74"]
[EventDate "1999.04.02"]
[EventType "swiss"]
[EventRounds "7"]
[EventCountry "GER"]
[SourceTitle "EXT 2000"]
[Source "ChessBase"]
[SourceDate "1999.11.16"]
[SourceVersion "1"]
[SourceVersionDate "1999.11.16"]
[SourceQuality "1"]

1. c4 e5 2. Nc3 Nf6 3. Nf3 Nc6 4. d4 exd4 5. Nxd4 Bb4 6. Nxc6 bxc6 7. Bd2 0-0 8. e3 d5 9. Be2 Rb8 10. 0-0 Bd6 11. cxd5 cxd5 12. Qc2 Bd7 13. Bf3 Qe7 14. g3 Qe5 15. b3 Bf5 16. Qd1 Ba3 17. Na4 Ne4 18. Qe2 Bd7 19. Rfd1 Bxa4 20. bxa4 Rb2 21. Bxe4 Qxe4 22. Qf1 Rc2 23. Qb5 Bb2 24. Bb4 Qf5 25. Rf1 Bxa1 26. Bxf8 Kxf8 27. e4 Qf6 28. Qb4+ Ke8 29. exd5 Bd4 30. Qb8+ Kd7 31. Qb5+ Kd6 32. Qa6+ Bb6 33. a5 Rxf2 34. Rc1 Rf1+ 35. Kg2 Qf3+ 36. Kh3 Qh5+ 37. Kg2 Rf2+ 0-1

[Event "Dresden op 08th"]
[Site "Dresden"]
[Date "1999.??.??"]
[Round "?"]
[White "Gipslis, Aivars P"]
[Black "Delemarre, Isabel"]
[Result "1-0"]
[WhiteElo "2460"]
[BlackElo "2250"]
[PlyCount "97"]
[EventDate "1999.07.15"]
[EventType "swiss"]
[EventRounds "9"]
[EventCountry "GER"]
[SourceTitle "EXT 2000"]
[Source "ChessBase"]
[SourceDate "1999.11.16"]
[SourceVersion "1"]
[SourceVersionDate "1999.11.16"]
[SourceQuality "1"]

1. d4 d5 2. c4 c6 3. Nf3 e6 4. Nbd2 Nf6 5. g3 Bd6 6. Bg2 0-0 7. Qc2 Nbd7 8. 0-0 Re8 9. b3 e5 10. dxe5 Nxe5 11. cxd5 Nxd5 12. Bb2 Qe7 13. Nd4 Nb4 14. Qb1 Bg4 15. a3 Na6 16. h3 Bd7 17. Nf5 Bxf5 18. Qxf5 Ng6 19. Nc4 Bc7 20. e3 Rad8 21. Rad1 Rxd1 22. Rxd1 Rd8 23. Rxd8+ Qxd8 24. b4 Nb8 25. Bd4 a6 26. h4 Nd7 27. Bh3 Ngf8 28. Qc2 Ne6 29. Bb2 Nf6 30. Ne5 Bb6 31. Bf5 Qd5 32. Bd3 Bd8 33. Bc4 Qd6 34. Qb3 Kf8 35. a4 Be7 36. b5 cxb5 37. axb5 a5 38. b6 Nd7 39. Nxd7+ Qxd7 40. Qc3 Bb4 41. Qe5 Qd6 42. Qe4 Qxb6 43. Qxh7 Bc5 44. Bxe6 Qxb2 45. Qf5 Qc1+ 46. Kg2 Ke7 47. Qxf7+ Kd6 48. Qd7+ Ke5 49. f4+ 1-0

[Event "Dresden op 08th"]
[Site "Dresden"]
[Date "1999.??.??"]
[Round "?"]
[White "Gutman, Lev"]
[Black "Gipslis, Aivars P"]
[Result "1-0"]
[WhiteElo "2470"]
[BlackElo "2460"]
[PlyCount "105"]
[EventDate "1999.07.15"]
[EventType "swiss"]
[EventRounds "9"]
[EventCountry "GER"]
[SourceTitle "EXT 2000"]
[Source "ChessBase"]
[SourceDate "1999.11.16"]
[SourceVersion "1"]
[SourceVersionDate "1999.11.16"]
[SourceQuality "1"]

1. Nf3 Nf6 2. g3 b6 3. Bg2 Bb7 4. 0-0 e6 5. c4 c5 6. b3 Be7 7. Bb2 0-0 8. e3 d5 9. Qe2 dxc4 10. bxc4 Nc6 11. Rd1 Qc7 12. Nc3 a6 13. Rab1 Rab8 14. Ba1 Ba8 15. d4 cxd4 16. exd4 Na5 17. d5 Qxc4 18. d6 Qxe2 19. Nxe2 Bd8 20. Ne5 Bxg2 21. Kxg2 Rb7 22. Bc3 b5 23. Nf4 Nd7 24. Nfd3 Nxe5 25. Nxe5 f6 26. Nd3 Kf7 27. Nc5 Ra7 28. a4 bxa4 29. Nxa4 Nc6 30. Bd2 e5 31. Be3 Nd4 32. Bxd4 exd4 33. Rxd4 f5 34. Nc5 Bf6 35. Rd5 a5 36. d7 a4 37. Nb7 a3 38. d8Q Rxd8 39. Nxd8+ Kg6 40. Rd6 a2 41. Ra1 f4 42. Nc6 Ra4 43. Ne5+ Kf5 44. Rd2 fxg3 45. hxg3 Kxe5 46. Raxa2 Rb4 47. Rdb2 Rc4 48. Rb5+ Ke6 49. f4 Kf7 50. Kf3 Rc3+ 51. Kg4 Kg6 52. f5+ Kh6 53. Rh2+ 1-0

[Event "CZE-chT 9899"]
[Site "Czech Republic"]
[Date "1998.11.29"]
[Round "4"]
[White "Neuman, Petr"]
[Black "Gipslis, Aivars P"]
[Result "1-0"]
[WhiteElo "2360"]
[BlackElo "2450"]
[PlyCount "115"]
[EventDate "1998.10.31"]
[EventType "team-tourn"]
[EventRounds "11"]
[EventCountry "CZE"]
[SourceTitle "EXT 2019"]
[Source "ChessBase"]
[SourceDate "2018.10.10"]
[SourceVersion "1"]
[SourceVersionDate "2018.10.10"]
[SourceQuality "1"]
[WhiteTeam "Pardubice RC Sport"]
[BlackTeam "Praha Mladi"]
[WhiteTeamCountry "CZE"]
[BlackTeamCountry "CZE"]

1. d4 Nf6 2. c4 c5 3. d5 b5 4. cxb5 a6 5. f3 e6 6. e4 exd5 7. e5 Qe7 8. Qe2 Ng8 9. Nc3 Bb7 10. Nh3 c4 11. Be3 axb5 12. 0-0-0 Qb4 13. Nf4 Ne7 14. Qf2 Qa5 15. Bb6 Qa6 16. Bc5 Bc6 17. Nh5 Qb7 18. Bxe7 Bxe7 19. Nxg7+ Kd8 20. Nf5 b4 21. Nxd5 Bxd5 22. Nxe7 Kxe7 23. Qc5+ Kd8 24. Qxd5 Qxd5 25. Rxd5 Ke7 26. Rc5 c3 27. Kb1 Nc6 28. Bd3 cxb2 29. Kxb2 Ra3 30. Rd1 Rha8 31. Bb1 Re3 32. f4 h5 33. Rcd5 Ra7 34. Bf5 Nb8 35. R5d3 Re2+ 36. R1d2 Re1 37. Rd4 f6 38. exf6+ Kxf6 39. Bc2 Rb7 40. Rd6+ Ke7 41. Rh6 Rb5 42. f5 Rbe5 43. Rh7+ Kf6 44. Rd6+ Kg5 45. g3 Kg4 46. Rd4+ Kf3 47. f6 Re8 48. f7 Rf8 49. Rf4+ Kg2 50. Rg7 d5 51. Rg8 Nd7 52. Rxf8 Nxf8 53. Rh4 Rf1 54. Rxh5 Rxf7 55. Rf5 Rxf5 56. Bxf5 Kxh2 57. g4 Kg3 58. g5 1-0

[Event "CZE-chT 9899"]
[Site "Czech Republic"]
[Date "1998.11.28"]
[Round "3"]
[White "Gipslis, Aivars P"]
[Black "Simacek, Pavel"]
[Result "1-0"]
[WhiteElo "2450"]
[BlackElo "2350"]
[PlyCount "89"]
[EventDate "1998.10.31"]
[EventType "team-tourn"]
[EventRounds "11"]
[EventCountry "CZE"]
[SourceTitle "EXT 2019"]
[Source "ChessBase"]
[SourceDate "2018.10.10"]
[SourceVersion "1"]
[SourceVersionDate "2018.10.10"]
[SourceQuality "1"]
[WhiteTeam "Praha Mladi"]
[BlackTeam "Grygov A64 Valoz"]
[WhiteTeamCountry "CZE"]
[BlackTeamCountry "CZE"]

1. e4 e5 2. Nf3 Nc6 3. Bb5 a6 4. Bxc6 dxc6 5. 0-0 f6 6. d4 Bg4 7. c3 Bd6 8. dxe5 fxe5 9. Qb3 Bxf3 10. gxf3 Ne7 11. Qxb7 0-0 12. Qb3+ Kh8 13. Qd1 Ng6 14. Be3 Qh4 15. Kh1 Qh3 16. Nd2 Nh4 17. Rg1 Nxf3 18. Nxf3 Rxf3 19. Qf1 Raf8 20. Qxh3 Rxh3 21. Rg3 Rh4 22. f3 g6 23. Rd1 Kg8 24. c4 Rf7 25. Kg2 Rh5 26. Rd3 Bb4 27. c5 Be1 28. Rg5 Rxg5+ 29. Bxg5 Kg7 30. Rd8 a5 31. a3 h6 32. Be3 g5 33. h3 Rf8 34. Rxf8 Kxf8 35. Kf1 Bg3 36. Bd2 a4 37. Ke2 Ke7 38. Bc3 Kf6 39. Kd3 Bf2 40. Kc4 Be3 41. Kb4 Ke6 42. Kxa4 Bxc5 43. Ka5 Bd4 44. Ka6 Kd7 45. Kb7 1-0

[Event "Sportland NRW-Cup"]
[Site "Senden"]
[Date "1998.10.16"]
[Round "9"]
[White "Raetsky, Alexander"]
[Black "Gipslis, Aivars P"]
[Result "1/2-1/2"]
[WhiteElo "2440"]
[BlackElo "2450"]
[PlyCount "55"]
[EventDate "1998.10.08"]
[EventType "swiss"]
[EventRounds "9"]
[EventCountry "GER"]
[SourceTitle "CBM 067 Extra"]
[Source "ChessBase"]
[SourceDate "1999.01.01"]
[SourceVersion "1"]
[SourceVersionDate "1999.01.01"]
[SourceQuality "1"]

1. d4 Nf6 2. c4 e6 3. g3 Bb4+ 4. Nd2 d5 5. Bg2 0-0 6. Ngf3 dxc4 7. 0-0 b5 8. a4 c6 9. Qc2 a5 10. b3 cxb3 11. Nxb3 bxa4 12. Rxa4 Ba6 13. Bg5 Bb5 14. Ra2 h6 15. Bxf6 Qxf6 16. Ne5 Rd8 17. Rb1 a4 18. Nc5 Rxd4 19. Ncd3 Bd6 20. Rxb5 cxb5 21. Qc8+ Kh7 22. Bxa8 Bxe5 23. Qe8 Rd8 24. Qxb5 Bd6 25. Rxa4 Nd7 26. Be4+ Kg8 27. Ra7 Ne5 28. Nxe5 1/2-1/2

[Event "Sportland NRW-Cup"]
[Site "Senden"]
[Date "1998.10.13"]
[Round "6"]
[White "Schaefer, Markus"]
[Black "Gipslis, Aivars P"]
[Result "1/2-1/2"]
[WhiteElo "2410"]
[BlackElo "2450"]
[PlyCount "85"]
[EventDate "1998.10.08"]
[EventType "swiss"]
[EventRounds "9"]
[EventCountry "GER"]
[SourceTitle "CBM 067 Extra"]
[Source "ChessBase"]
[SourceDate "1999.01.01"]
[SourceVersion "1"]
[SourceVersionDate "1999.01.01"]
[SourceQuality "1"]

1. e4 c5 2. Nf3 e6 3. d4 cxd4 4. Nxd4 a6 5. Bd3 g6 6. c4 Bg7 7. Nb3 d6 8. 0-0 Nd7 9. Nc3 b6 10. Bf4 Qc7 11. Qd2 Bb7 12. Rfd1 Rd8 13. Be2 Ne5 14. Bg5 f6 15. Be3 Ne7 16. f4 Nf7 17. Nd4 Qd7 18. f5 gxf5 19. exf5 Nxf5 20. Nxf5 exf5 21. Rf1 0-0 22. Bd3 Ne5 23. Bxf5 Qe8 24. b3 b5 25. cxb5 axb5 26. Nd5 Qf7 27. Nf4 Bc8 28. Be4 Kh8 29. Bd5 Qe7 30. Nh5 Bb7 31. Rae1 Bxd5 32. Qxd5 Qf7 33. Qxf7 Rxf7 34. Bd4 Kg8 35. Rc1 Ra8 36. Rc2 b4 37. Nf4 f5 38. Nd5 Nf3+ 39. Rxf3 Bxd4+ 40. Kf1 Bc5 41. Rf4 Rfa7 42. Nxb4 Bxb4 43. Rxb4 1/2-1/2

[Event "Dresden op 07th"]
[Site "Dresden"]
[Date "1998.08.24"]
[Round "9"]
[White "Polzin, Rainer"]
[Black "Gipslis, Aivars P"]
[Result "1-0"]
[WhiteElo "2420"]
[BlackElo "2450"]
[PlyCount "91"]
[EventDate "1998.08.??"]
[EventType "swiss"]
[EventRounds "9"]
[EventCountry "GER"]
[SourceTitle "EXT 1999"]
[Source "ChessBase"]
[SourceDate "1998.11.16"]
[SourceVersion "1"]
[SourceVersionDate "1998.11.16"]
[SourceQuality "1"]

1. e4 g6 2. d4 Bg7 3. Nc3 d6 4. Nf3 a6 5. Be3 b5 6. Bd3 Nd7 7. h4 c5 8. h5 b4 9. Ne2 cxd4 10. Bxd4 Ngf6 11. h6 Bf8 12. e5 dxe5 13. Nxe5 Nxe5 14. Bxe5 Qd5 15. Bxf6 exf6 16. Rh4 f5 17. Rd4 Qe5 18. Bc4 Be6 19. Bxe6 Qxe6 20. Qd2 Be7 21. Kf1 0-0 22. Nf4 Qe5 23. Re1 Qb5+ 24. Kg1 Bg5 25. Qxb4 Bxh6 26. Qxb5 axb5 27. a3 Bxf4 28. Rxf4 Rfd8 29. Re2 Kg7 30. Rb4 Rd5 31. g3 Rc5 32. c3 Kf6 33. Rd4 Ra7 34. Rd6+ Kg5 35. Red2 f4 36. R6d5+ Rxd5 37. Rxd5+ f5 38. gxf4+ Kxf4 39. Rxb5 Kf3 40. c4 f4 41. c5 Rd7 42. Rb3+ Ke2 43. c6 Rd5 44. c7 Rg5+ 45. Kh2 Rc5 46. Rc3 1-0

[Event "Dresden op 07th"]
[Site "Dresden"]
[Date "1998.08.20"]
[Round "5"]
[White "Romanishin, Oleg M"]
[Black "Gipslis, Aivars P"]
[Result "1/2-1/2"]
[WhiteElo "2600"]
[BlackElo "2450"]
[PlyCount "28"]
[EventDate "1998.08.??"]
[EventType "swiss"]
[EventRounds "9"]
[EventCountry "GER"]
[SourceTitle "EXT 1999"]
[Source "ChessBase"]
[SourceDate "1998.11.16"]
[SourceVersion "1"]
[SourceVersionDate "1998.11.16"]
[SourceQuality "1"]

1. d4 Nf6 2. Nf3 c5 3. d5 g6 4. g3 b5 5. Bg2 Bb7 6. c4 Bg7 7. 0-0 0-0 8. Nfd2 a6 9. Nc3 d6 10. a4 b4 11. Nce4 Nbd7 12. Ra2 Nxe4 13. Nxe4 Nf6 14. Nxf6+ exf6 1/2-1/2

[Event "MK Cafe Cup-A"]
[Site "Koszalin"]
[Date "1998.08.10"]
[Round "8"]
[White "Czerwonski, Aleksander"]
[Black "Gipslis, Aivars P"]
[Result "0-1"]
[WhiteElo "2390"]
[BlackElo "2450"]
[PlyCount "56"]
[EventDate "1998.08.03"]
[EventType "swiss"]
[EventRounds "10"]
[EventCountry "POL"]
[SourceTitle "CBM 065 Extra"]
[Source "ChessBase"]
[SourceDate "1998.09.09"]
[SourceVersion "1"]
[SourceVersionDate "1998.09.09"]
[SourceQuality "1"]

1. d4 Nf6 2. c4 c5 3. d5 b5 4. cxb5 a6 5. f3 e6 6. e4 exd5 7. e5 Qe7 8. Qe2 Ng8 9. Nc3 Bb7 10. Nh3 c4 11. Be3 axb5 12. Nf4 Qb4 13. 0-0-0 Ne7 14. Rxd5 Qxc3+ 15. bxc3 Nxd5 16. Nxd5 Bxd5 17. Qd2 Be6 18. Be2 Nc6 19. f4 b4 20. f5 bxc3 21. Qxc3 Ra3 22. Qc2 Nb4 23. Qb2 Rxe3 24. fxe6 c3 25. Qb3 Rxe2 26. exd7+ Kd8 27. Qc4 Rc2+ 28. Kb1 Rb2+ 0-1

[Event "MK Cafe Cup-A"]
[Site "Koszalin"]
[Date "1998.08.06"]
[Round "4"]
[White "Malaniuk, Vladimir P"]
[Black "Gipslis, Aivars P"]
[Result "1-0"]
[WhiteElo "2590"]
[BlackElo "2450"]
[PlyCount "83"]
[EventDate "1998.08.03"]
[EventType "swiss"]
[EventRounds "10"]
[EventCountry "POL"]
[SourceTitle "CBM 065 Extra"]
[Source "ChessBase"]
[SourceDate "1998.09.09"]
[SourceVersion "1"]
[SourceVersionDate "1998.09.09"]
[SourceQuality "1"]

1. Nf3 Nf6 2. c4 c5 3. g3 b6 4. Bg2 Bb7 5. 0-0 e6 6. Nc3 Be7 7. Re1 Ne4 8. d4 Nxc3 9. bxc3 d6 10. d5 e5 11. e4 0-0 12. a4 Nd7 13. Qc2 a5 14. Nd2 Ba6 15. Qd3 Bg5 16. Nf1 Bxc1 17. Rexc1 Nf6 18. Bh3 g6 19. Rcb1 Rb8 20. Rb2 Nh5 21. Ne3 f5 22. exf5 Bc8 23. Bg4 Nf6 24. f3 h5 25. Bh3 Ne8 26. Rf1 Ng7 27. f4 e4 28. Qxe4 gxf5 29. Qd3 Bd7 30. Ra1 Qf6 31. Ng2 Rfe8 32. Nh4 Re7 33. Bf1 Rbe8 34. Qd2 Re3 35. Bd3 Qd8 36. Kf2 Kf7 37. Qc2 Kf6 38. Ng2 R3e7 39. Rab1 h4 40. Nxh4 Re3 41. Ng2 Qe7 42. Qd2 1-0

[Event "MK Cafe Cup-A"]
[Site "Koszalin"]
[Date "1998.08.05"]
[Round "3"]
[White "Gipslis, Aivars P"]
[Black "Adianto, Utut"]
[Result "1/2-1/2"]
[WhiteElo "2450"]
[BlackElo "2610"]
[PlyCount "73"]
[EventDate "1998.08.03"]
[EventType "swiss"]
[EventRounds "10"]
[EventCountry "POL"]
[SourceTitle "CBM 065 Extra"]
[Source "ChessBase"]
[SourceDate "1998.09.09"]
[SourceVersion "1"]
[SourceVersionDate "1998.09.09"]
[SourceQuality "1"]

1. e4 g6 2. d4 Bg7 3. Nc3 c5 4. d5 d6 5. Nf3 Bg4 6. Be2 Nf6 7. 0-0 0-0 8. Nd2 Bxe2 9. Qxe2 Re8 10. Nc4 e6 11. Qf3 a6 12. a4 Nbd7 13. Bf4 e5 14. Bg5 h6 15. Bh4 Qc7 16. a5 Nh7 17. Qd3 h5 18. f3 Bf6 19. Bf2 h4 20. Na4 h3 21. g3 Be7 22. c3 Rf8 23. b4 cxb4 24. cxb4 Rac8 25. Rac1 f5 26. Be3 Qd8 27. Nab6 Nxb6 28. Nxb6 Rxc1 29. Rxc1 Bg5 30. exf5 Bxe3+ 31. Qxe3 Qg5 32. Qxg5 Nxg5 33. f4 Nf3+ 34. Kf2 Nxh2 35. Rh1 Ng4+ 36. Kf3 gxf5 37. Rxh3 1/2-1/2

[Event "Markkleeberger op 2nd"]
[Site "Markkleeberg"]
[Date "1998.04.19"]
[Round "7"]
[White "Vogt, Lothar"]
[Black "Gipslis, Aivars P"]
[Result "1/2-1/2"]
[WhiteElo "2510"]
[BlackElo "2470"]
[PlyCount "21"]
[EventDate "1998.04.15"]
[EventType "swiss"]
[EventRounds "7"]
[EventCountry "GER"]
[SourceTitle "EXT 2021"]
[Source "ChessBase"]
[SourceDate "2020.10.23"]
[SourceVersion "1"]
[SourceVersionDate "2020.10.23"]
[SourceQuality "1"]

1. e4 d5 2. exd5 Nf6 3. d4 Nxd5 4. c4 Nb6 5. Nf3 g6 6. Be2 Bg7 7. 0-0 0-0 8. Nc3 Nc6 9. d5 Ne5 10. Nxe5 Bxe5 11. Be3 1/2-1/2

[Event "Passau op 6th"]
[Site "Passau"]
[Date "1998.04.11"]
[Round "4"]
[White "Gipslis, Aivars P"]
[Black "Ennsberger, Ulrich"]
[Result "1/2-1/2"]
[WhiteElo "2450"]
[BlackElo "2222"]
[PlyCount "67"]
[EventDate "1998.04.10"]
[EventType "swiss"]
[EventRounds "7"]
[EventCountry "GER"]
[SourceTitle "EXT 1999"]
[Source "ChessBase"]
[SourceDate "1998.11.16"]
[SourceVersion "1"]
[SourceVersionDate "1998.11.16"]
[SourceQuality "1"]

1. e4 c5 2. Nf3 Nc6 3. Nc3 e6 4. Bb5 Nge7 5. 0-0 a6 6. Bxc6 Nxc6 7. d4 cxd4 8. Nxd4 d6 9. Re1 Be7 10. Nxc6 bxc6 11. e5 d5 12. Qg4 Kf8 13. Ne2 h5 14. Qg3 h4 15. Qg4 g6 16. Nf4 c5 17. c4 Bb7 18. cxd5 Bxd5 19. Bd2 Ra7 20. Nxd5 Qxd5 21. Red1 Qc6 22. Bg5 Bxg5 23. Qxg5 Rd7 24. Rxd7 Qxd7 25. h3 Qd4 26. Re1 Rh5 27. Qe3 Qxb2 28. Qxc5+ Kg7 29. a3 Rf5 30. Qe3 g5 31. Re2 Qa1+ 32. Re1 Qb2 33. Re2 Qa1+ 34. Re1 1/2-1/2

[Event "Dortmund Sparkassen op"]
[Site "Dortmund"]
[Date "1998.??.??"]
[Round "?"]
[White "Beckemeier, Werner"]
[Black "Gipslis, Aivars P"]
[Result "1/2-1/2"]
[WhiteElo "2380"]
[BlackElo "2450"]
[PlyCount "83"]
[EventDate "1998.06.??"]
[EventType "swiss"]
[EventRounds "11"]
[EventCountry "GER"]
[SourceTitle "EXT 1999"]
[Source "ChessBase"]
[SourceDate "1998.11.16"]
[SourceVersion "1"]
[SourceVersionDate "1998.11.16"]
[SourceQuality "1"]

1. Nf3 Nf6 2. g3 b6 3. d3 d5 4. Bg2 Bb7 5. c4 dxc4 6. Qa4+ Nbd7 7. Qxc4 e6 8. 0-0 c5 9. a4 a6 10. Na3 Be7 11. Qb3 0-0 12. Nc4 Bc6 13. Bd2 Qc7 14. Bf4 Qa7 15. e4 Rfd8 16. Rfd1 h6 17. h3 Nh5 18. Be3 Qc7 19. Bd2 b5 20. axb5 axb5 21. Na5 Nhf6 22. Qc2 Ra6 23. Bf4 e5 24. Nxc6 Rxc6 25. Be3 Nf8 26. Nh4 Ne6 27. Nf5 Bf8 28. Qb3 Rb8 29. Ra2 h5 30. Rda1 g6 31. Nh4 c4 32. Qd1 Bc5 33. Bxc5 Rxc5 34. dxc4 bxc4 35. Qd2 Qd8 36. Qh6 Qf8 37. Qe3 Rb3 38. Qd2 Rd3 39. Qb4 Rb3 40. Qd2 Rd3 41. Qb4 Rb3 42. Qd2 1/2-1/2